[Event "II Latin American Cup"]
[Site "Montevideo URU"]
[Date "2011.11.05"]
[Round "7.31"]
[White "Cao,Jo"]
[Black "Lacayo,R"]
[Result "0-1"]
[WhiteElo "2105"]
[BlackElo "2264"]

1.d4 Nf6 2.c4 e6 3.Nf3 d5 4.Nc3 c6 5.e3 Nbd7 6.Bd3 dxc4 7.Bxc4 b5 8.Bd3 Bd6
9.O-O O-O 10.e4 e5 11.Bg5 Re8 12.d5 cxd5 13.Bxb5 d4 14.Nd5 Be7 15.Bxf6 Bxf6
16.Rc1 Rf8 17.Nxf6+ gxf6 18.Nh4 Nb6 19.Bc6 Rb8 20.f4 Qd6 21.f5 Kh8 22.Qh5 Bd7
23.Rf3 Rg8 24.Bxd7 Qxd7 25.Qh6 Qd6 26.Rh3 Rg7 27.b3 Nd7 28.Nf3 Rbg8 29.Ng5 Nf8
30.Rc8 Rxg5 31.Rxf8 Rxg2+ 32.Kf1  0-1

[Event "1st Novara Open A"]
[Site "Novara ITA"]
[Date "2011.11.05"]
[Round "3"]
[White "Rovedi,M"]
[Black "Monticone,S"]
[Result "1-0"]
[WhiteElo "2033"]
[BlackElo "1849"]

1.c4 c6 2.Nc3 d5 3.e3 Nf6 4.Nf3 e6 5.d4 Nbd7 6.cxd5 exd5 7.Bd3 Bd6 8.O-O O-O
9.Qc2 Re8 10.Bd2 Qe7 11.a3 Ne4 12.b4 Ndf6 13.Rfb1 Ng4 14.Be1 f5 15.h3 Nh6
16.b5 Bd7 17.bxc6 Bxc6 18.Qb3 Qf7 19.Bb5 Rec8 20.Bxc6 bxc6 21.Qa4 Bc7 22.Rc1 Nd6
23.Qxc6 Ne4 24.Qxd5 Qxd5 25.Nxd5 Bd6 26.Bb4 Kh8 27.Bxd6 Nxd6 28.Ne5 g6 29.Rc5 Ne4
30.Rb5 Rc2 31.f3 Ng3 32.Rb7 Nh5 33.Rc7 Rb2 34.Rac1 Ra2 35.Rc8+ Rxc8 36.Rxc8+ Kg7
37.Rc7+ Kh8 38.Rxa7  1-0

[Event "TCh-AUT 2 Ost 2011-12"]
[Site "Vienna AUT"]
[Date "2011.11.05"]
[Round "3"]
[White "Weber,Gero"]
[Black "Fodor,T jr"]
[Result "0-1"]
[WhiteElo "2393"]
[BlackElo "2476"]

1.d4 d5 2.c4 c6 3.Nf3 Nf6 4.Nc3 e6 5.e3 Nbd7 6.Qc2 Bd6 7.Bd2 O-O 8.g4 Nxg4
9.cxd5 exd5 10.Bd3 g6 11.Rg1 Ndf6 12.Rg2 Re8 13.h3 Nh6 14.Ng5 Bf5 15.O-O-O Bxd3
16.Qxd3 Qe7 17.f3 Nh5 18.f4 f5 19.Nf3 Nf6 20.Ne5 Ne4 21.Rdg1 Bxe5 22.fxe5 Kh8
23.Be1 Rg8 24.Qe2 Raf8 25.Qf3 Rg7 26.Ne2 Nf7 27.Nf4 Nfg5 28.Qd1 Ne6 29.Nd3 b6
30.Rc2 Rc8 31.Kb1 Qd8 32.Nf4 Nxf4 33.exf4 c5 34.Rgg2 Kg8 35.h4 h5 36.dxc5 bxc5
37.Qd3 Kh7 38.Rc1 Rc6 39.Rgc2 Rd7 40.b3 Qb6 41.Ka1 Qa6 42.Qxa6 Rxa6 43.Rd1 Kg7
44.b4 cxb4 45.Bxb4 d4 46.Rd3 Rb6 47.a3 Kf7 48.Rc4 Rdb7 49.Rc2 a5 50.Bxa5 Rb1+
51.Ka2 Rf1 52.Rxd4 Rxf4 53.Rdc4 Re7 54.Bd8 Re8 55.Rc7+ Ke6 56.R7c6+ Kd5 57.Bc7 Rf2
58.Rxf2 Kxc6 59.Rc2+ Kd5 60.Bb6 f4 61.a4 f3 62.Ka3 Rf8 63.e6 Kxe6 64.a5 f2
65.Bxf2 Nxf2 66.Rc6+ Kf5 67.a6 Nd3 68.Ka4 Ne5 69.Rc7 Kg4 70.a7 Kxh4 71.Kb5 g5
72.Kb6 Ra8 73.Kb7 Rxa7+ 74.Kxa7 Nf3 75.Kb6 Kg3 76.Kc5 h4 77.Rh7 h3  0-1

[Event "TCh-AUT 2 Ost 2011-12"]
[Site "Vienna AUT"]
[Date "2011.11.05"]
[Round "3"]
[White "Markos,J"]
[Black "Zilka,S"]
[Result "1-0"]
[WhiteElo "2596"]
[BlackElo "2517"]

1.d4 d5 2.c4 c6 3.Nc3 Nf6 4.e3 e6 5.Nf3 Nbd7 6.Qc2 Bd6 7.e4 dxe4 8.Nxe4 Nxe4
9.Qxe4 Bb4+ 10.Bd2 Bxd2+ 11.Nxd2 Nf6 12.Qe3 O-O 13.Be2 b5 14.O-O bxc4 15.Bxc4 Nd5
16.Bxd5 Qxd5 17.Rfc1 Rd8 18.Nf3 Rb8 19.Rc5 Qd6 20.b3 Bd7 21.Rac1 Be8 22.Ra5 Rb7
23.h3 h6 24.Rc4 Qe7 25.Ne5 Rb5 26.Ra6 Rbd5 27.Nxc6 Bxc6 28.Raxc6 Qf6 29.Ra6 R8d7
30.Kh2 g5 31.Rca4 Rxd4 32.Rxa7 Rxa7 33.Rxa7 Rf4 34.f3 Rd4 35.Ra5 Rd1 36.Qe5 Qf4+
37.Qxf4 gxf4 38.a4 f5 39.Rb5 Kf7 40.Rb4 e5 41.a5 Ke6 42.a6 Rd8 43.Ra4 Kd5
44.a7 Ra8 45.Ra5+ Kd4 46.Kg1 e4 47.Kf2 Kc3 48.Rxf5 e3+ 49.Ke2 Rxa7 50.Rxf4 Ra2+
51.Kxe3 Rxg2 52.b4 Rg5 53.Re4 Rf5 54.Rh4 Re5+ 55.Kf4 Rb5 56.Rxh6 Rxb4+ 57.Ke3 Rb8
58.Rc6+ Kb4 59.f4 Kb5 60.Rc1 Rh8  1-0

[Event "38th ch-IND w 2011"]
[Site "Chennai IND"]
[Date "2011.11.06"]
[Round "8"]
[White "Swati,M"]
[Black "Madhurima,S"]
[Result "1-0"]
[WhiteElo "2030"]
[BlackElo "1906"]

1.d4 d5 2.c4 c6 3.Nf3 Nf6 4.e3 e6 5.Nc3 Nbd7 6.Qc2 Bd6 7.b3 O-O 8.Bb2 e5
9.cxd5 cxd5 10.dxe5 Nxe5 11.Be2 Nxf3+ 12.Bxf3 d4 13.exd4 Re8+ 14.Kf1 Qa5
15.h3 Bf5 16.Qd2 Bb4 17.a3 Bxc3 18.Bxc3 Qb5+ 19.Kg1 Qxb3 20.Kh2 Rac8 21.Rhc1 Be4
22.Bd1 Qe6 23.f3 Bg6 24.Ba4 Red8 25.Bb4 Nd5 26.Bb3 Qd7 27.Rxc8 Rxc8 28.Rc1 Rxc1
29.Qxc1 Nxb4 30.axb4 Bf5 31.Qf4 h6 32.d5 a6 33.g4 Bd3 34.d6 Bb5 35.h4 Bd3
36.Qd4 Bb5 37.Qf4 Bd3 38.Kg2 Qe8 39.Qd2 Bb5 40.Bd5 Qd7 41.Be4 Kf8 42.Bf5 Qd8
43.d7 Kg8 44.Qc3 Bc6 45.h5 Kh8 46.Qd4 Kg8 47.Qd6 Kh8 48.Kg3 Kg8 49.Kf4 Qg5+
50.Kg3 Qd8 51.Kg2 Kh8 52.Be4 Bxe4 53.fxe4 Kg8 54.e5 b6 55.Kf3 a5 56.bxa5 bxa5
57.Qc6 Kf8 58.Qc5+ Kg8 59.Qc8  1-0

[Event "II Latin American Cup"]
[Site "Montevideo URU"]
[Date "2011.11.06"]
[Round "9.38"]
[White "Rezende,Guilherme Vilela"]
[Black "Chemin,J"]
[Result "1/2-1/2"]
[WhiteElo "2050"]
[BlackElo "2184"]

1.d4 d5 2.c4 e6 3.Nc3 c6 4.e3 Nf6 5.Nf3 a6 6.cxd5 exd5 7.Bd3 Bd6 8.h3 O-O
9.Qc2 Re8 10.Bd2 Nbd7 11.g4 g6 12.O-O-O c5 13.g5 c4 14.Be2 Ne4 15.Nxd5 Nxf2
16.Bxc4 b5 17.Bb3 Nxh1 18.Rxh1 Bb7 19.Kb1 Rc8 20.Qd3 Bxd5 21.Bxd5 Nf8 22.Bb7 Rb8
23.Bc6 Re7 24.d5 Nd7 25.Bc3 Ne5 26.Nxe5 Bxe5 27.Bb4 Bd6 28.Bc3 Be5 29.Bb4 Bd6
30.Bc3  1/2-1/2

[Event "1st Novara Open A"]
[Site "Novara ITA"]
[Date "2011.11.06"]
[Round "4"]
[White "Naumkin,I"]
[Black "Cereda,L"]
[Result "1/2-1/2"]
[WhiteElo "2432"]
[BlackElo "2206"]

1.d4 d5 2.c4 e6 3.Nf3 Nf6 4.Nc3 c6 5.e3 Nbd7 6.Qc2 Bd6 7.Bd3 O-O 8.O-O dxc4
9.Bxc4 b5 10.Be2 Bb7 11.Rd1 Qc7 12.b4  1/2-1/2

[Event "1st Panama Open"]
[Site "Panama City PAN"]
[Date "2011.11.06"]
[Round "7.7"]
[White "Almeida Quintana,O"]
[Black "Perez Rodriguez,L"]
[Result "1/2-1/2"]
[WhiteElo "2538"]
[BlackElo "2475"]

1.d4 d5 2.Nf3 Nf6 3.c4 c6 4.Nc3 e6 5.e3 Nbd7 6.Qc2 Bd6 7.Bd3 O-O 8.O-O dxc4
9.Bxc4 b5 10.Be2 Bb7 11.Rd1 Qb8 12.e4 e5 13.Bg5 Re8 14.dxe5 Nxe5 15.Bxf6 Nxf3+
16.Bxf3 gxf6 17.g3 Be5 18.Bg4 Rd8 19.Qe2 Bd4 20.Bf5 Bc8 21.Qg4+ Kf8 22.Ne2 Bxf5  1/2-1/2

[Event "TCh-AUT 2 Ost 2011-12"]
[Site "Vienna AUT"]
[Date "2011.11.06"]
[Round "4"]
[White "Baumegger,S"]
[Black "Videki,S"]
[Result "1-0"]
[WhiteElo "2419"]
[BlackElo "2441"]

1.Nf3 d5 2.c4 c6 3.e3 Nf6 4.Nc3 e6 5.d4 Nbd7 6.Bd3 dxc4 7.Bxc4 b5 8.Bd3 a6
9.a4 Bb7 10.O-O b4 11.Nb1 c5 12.Nbd2 Be7 13.Qe2 Qc7 14.a5 O-O 15.Rd1 Rfd8
16.h3 h6 17.Nc4 Be4 18.b3 cxd4 19.exd4 Qb7 20.Bxe4 Qxe4 21.Qxe4 Nxe4 22.Bb2 Nef6
23.Nfe5 Nd5 24.g3 Kf8 25.Kg2 Ke8 26.Kf3 Rdc8 27.Rac1 Rc7 28.Nxd7 Rxd7 29.Ne5 Rc7
30.Rc4 Bd6 31.Ng4 Rb8 32.Rdc1 Kd7 33.Ne3 Rb5 34.Ra1 Rcb7 35.Rcc1 Nxe3 36.fxe3 Rf5+
37.Kg2 Rg5 38.g4 f5 39.Kf3 Rb5 40.Rg1 Bc7 41.e4 fxe4+ 42.Kxe4 Rxa5 43.Raf1 Ke8
44.Rc1 Bd8 45.Rc8 Rgd5 46.Bc1 Kd7 47.Rc4 Ra1 48.Rxb4 Rb5 49.Rxb5 axb5 50.Be3 Ra3
51.Rf1 Ke8 52.Rb1 Ra2 53.d5 exd5+ 54.Kxd5 Rh2 55.Bd4 g6 56.Re1+ Kd7 57.Re6 Rxh3
58.Rd6+ Ke8 59.Rxg6 Kf7 60.Rg7+ Kf8 61.Rh7 Rh4 62.Rh8+ Ke7 63.Rxd8  1-0

[Event "US Chess League 2011 Playoff"]
[Site "ICC INT"]
[Date "2011.11.09"]
[Round "1"]
[White "Black,James A"]
[Black "Fisher,William"]
[Result "0-1"]
[WhiteElo "2132"]
[BlackElo "2175"]

1.d4 d5 2.c4 c6 3.Nc3 Nf6 4.e3 e6 5.Nf3 Nbd7 6.Qc2 Bd6 7.Bd3 O-O 8.O-O dxc4
9.Bxc4 b5 10.Be2 Bb7 11.Rd1 Qe7 12.e4 e5 13.a3 Rfd8 14.Bg5 a5 15.Rac1 h6
16.Bh4 b4 17.axb4 axb4 18.Nb1 exd4 19.Nxd4 Bf4 20.Nd2 Nc5 21.Nf5 Qe5 22.Bxf6 Qxf6
23.Qxc5 Bxd2 24.Rc2 Bg5 25.Rf1 Bf4 26.g3 Bd6 27.Qe3 Be5 28.b3 Bc3 29.Bc4 Ba6
30.Bxa6 Rxa6 31.Qc5 Qe6 32.Qc4 Qxc4 33.bxc4 Rd2 34.Rxd2 Bxd2 35.Rd1 Bc3 36.Rd8+ Kh7
37.Rb8 Ra1+ 38.Kg2 Rb1 39.c5 b3 40.Nd6 b2 41.Nc4 Re1 42.Nxb2 Rb1 43.Na4 Rxb8
44.Nxc3 Rb3 45.Na4 Rb4 46.Nb6 Rxe4 47.Nd7 Kg6 48.f4 Re8 49.Ne5+ Rxe5  0-1

[Event "23rd Leuven Open"]
[Site "Leuven BEL"]
[Date "2011.11.10"]
[Round "1.6"]
[White "Akesson,R"]
[Black "Barbe,T"]
[Result "1-0"]
[WhiteElo "2421"]
[BlackElo "2067"]

1.Nf3 Nf6 2.c4 c6 3.d4 d5 4.e3 e6 5.Nc3 Nbd7 6.Qc2 Bd6 7.b3 O-O 8.Be2 b6
9.O-O Bb7 10.Bb2 Qe7 11.Rad1 Rad8 12.Rfe1 c5 13.cxd5 exd5 14.Qf5 Qe6 15.Bd3 Rfe8
16.Qxe6 Rxe6 17.Bf5 Ree8 18.dxc5 bxc5 19.Bxd7 Rxd7 20.Nb5 Be7 21.Ne5 Rdd8
22.Nd3 Ne4 23.Nc7 Rf8 24.Nf4 Bf6 25.Bxf6 Nxf6 26.Rc1 d4 27.Nd3 dxe3 28.Rxe3 Rd7
29.Nb5 Ba6 30.Rxc5 Rb8 31.a4 Bxb5 32.axb5 Rdb7 33.b4 Rxb5 34.Rxb5 Rxb5 35.Re7 h6
36.Rxa7 Nd5 37.Ra8+ Kh7 38.Ra5 Nc3 39.Rxb5 Nxb5 40.Kf1 Nd4 41.Ke1 Kg6 42.Kd2 Kf5
43.Kc3 Nb5+ 44.Kc4 Nd6+ 45.Kd5 Nb5 46.Kc5 Nc7 47.b5 Ke4 48.Nb4 Ne6+ 49.Kd6 Kd4
50.b6 Nc5 51.Nc6+ Kc4 52.Nd8 f5 53.Ne6  1-0

[Event "2nd Brno Open"]
[Site "Brno CZE"]
[Date "2011.11.12"]
[Round "1"]
[White "Kearsley,R"]
[Black "Semenova,El1"]
[Result "0-1"]
[WhiteElo "1847"]
[BlackElo "2182"]

1.e3 Nf6 2.d4 d5 3.c4 c6 4.Nc3 e6 5.Nf3 Nbd7 6.Bd3 Be7 7.O-O dxc4 8.Bxc4 b5
9.Bd3 Bb7 10.Ne5 Nxe5 11.dxe5 Nd5 12.Ne4 a6 13.Qg4 O-O 14.Rd1 Qc7 15.f4 c5
16.Bd2 c4 17.Rac1 Qb6 18.Bb1 Nxe3 19.Bxe3 Qxe3+ 20.Nf2 Rad8 21.Re1 Qb6 22.f5 Bc5
23.Rc2 Rd4 24.Qh3 exf5 25.Rce2 Rf4 26.Qg3 Rg4  0-1

[Event "23rd Leuven Open"]
[Site "Leuven BEL"]
[Date "2011.11.12"]
[Round "5.1"]
[White "Akesson,R"]
[Black "Bomans,A"]
[Result "1/2-1/2"]
[WhiteElo "2421"]
[BlackElo "2228"]

1.d4 d5 2.c4 c6 3.Nc3 Nf6 4.e3 e6 5.Nf3 Nbd7 6.Bd3 dxc4 7.Bxc4 b5 8.Bd3 Bb7
9.e4 b4 10.Na4 c5 11.e5 Nd5 12.O-O cxd4 13.Re1 g6 14.Bg5 Qa5 15.Nxd4 a6 16.Rc1 Bg7
17.Nc6 Bxc6 18.Rxc6 O-O 19.Be4 Bxe5 20.Bxd5 Qxd5 21.Qxd5 exd5 22.Nb6 Nxb6
23.Rxe5 Rfe8 24.f4 Rxe5 25.fxe5 Nc4 26.Bf6 Re8  1/2-1/2

[Event "5th Mediterranean Open"]
[Site "Rijeka CRO"]
[Date "2011.11.12"]
[Round "1.25"]
[White "Jurotic,Nino"]
[Black "Brumen,D"]
[Result "0-1"]
[WhiteElo "1669"]
[BlackElo "2345"]

1.d4 Nf6 2.c4 e6 3.Nc3 d5 4.Nf3 c6 5.e3 Nbd7 6.cxd5 exd5 7.Bd3 Bd6 8.O-O O-O
9.e4 dxe4 10.Nxe4 Nxe4 11.Bxe4 Nf6 12.Bg5 h6 13.Bh4 g5 14.Nxg5 Nxe4 15.Nxe4 Bxh2+
16.Kxh2 Qxh4+ 17.Kg1 Qxe4 18.Re1 Qf4 19.g3 Qf6 20.Re5 Bd7 21.Qd2 Rfe8 22.Rae1 c5
23.f4 cxd4 24.Qxd4 Qb6 25.Qxb6 axb6 26.Rxe8+ Rxe8 27.Rxe8+ Bxe8 28.Kf2 h5
29.Ke3 Kg7 30.Ke4 Kf6 31.Kd5 Kf5 32.Kd6 Kg4 33.Kc7 Kxg3 34.Kxb6 h4 35.Kxb7 h3  0-1

[Event "TCh-CZE Liga1 Vychod"]
[Site "Czech Rep CZE"]
[Date "2011.11.13"]
[Round "3"]
[White "Chytilek,R"]
[Black "Malik,J"]
[Result "1/2-1/2"]
[WhiteElo "2393"]
[BlackElo "2352"]

1.d4 d5 2.c4 c6 3.Nf3 Nf6 4.e3 e6 5.Nc3 Nbd7 6.Qc2 a6 7.b3 Bd6 8.Bb2 Qe7
9.Be2 O-O 10.O-O b6 11.e4 dxe4 12.Nxe4 Nxe4 13.Qxe4 Bb7 14.Rad1 Nf6 15.Qc2 c5
16.dxc5 Bxc5 17.Ng5 e5 18.Bf3 h6 19.Ne4 Nxe4 20.Bxe4 Bxe4 21.Qxe4 Rad8  1/2-1/2

[Event "TCh-HUN 2011-12"]
[Site "Decs HUN"]
[Date "2011.11.13"]
[Round "3"]
[White "Berczes,D"]
[Black "Eltigani,O"]
[Result "0-1"]
[WhiteElo "2557"]
[BlackElo "2310"]

1.d4 d5 2.c4 c6 3.Nc3 Nf6 4.Nf3 e6 5.e3 Nbd7 6.Bd3 dxc4 7.Bxc4 b5 8.Bd3 Bb7
9.a3 a6 10.b4 a5 11.Rb1 axb4 12.axb4 Bd6 13.O-O Qe7 14.Bd2 e5 15.e4 O-O 16.Ne2 Rfe8
17.Ng3 exd4 18.Nf5 Qf8 19.Re1 Ne5 20.Nxe5 Bxe5 21.f4 Bc7 22.Kh1 Ra2 23.e5 Nd5
24.Rb3 c5 25.Bb1 Ra4 26.Rh3 g6 27.bxc5 Bc8 28.Nh6+ Kh8 29.f5 Rxe5 30.Rxe5 Bxe5
31.Ng4 Bg7 32.Bd3 Bxf5 33.Bxb5 Ra2 34.Rg3 d3 35.Nh6 Ra1 36.Bc1 Qxc5  0-1

[Event "TCh-HUN 2011-12"]
[Site "Szombathely HUN"]
[Date "2011.11.13"]
[Round "3"]
[White "Kerek,C"]
[Black "Banusz,T"]
[Result "1/2-1/2"]
[WhiteElo "2348"]
[BlackElo "2552"]

1.d4 d5 2.Nf3 Nf6 3.c4 c6 4.Nc3 e6 5.e3 a6 6.Qc2 c5 7.cxd5 exd5 8.Be2 Nc6
9.O-O cxd4 10.Nxd4 Nxd4 11.exd4 Be7 12.Qb3 b5 13.Bf3 Be6 14.Bg5 O-O 15.Rad1 Rc8
16.Rfe1 h6 17.Bxf6 Bxf6 18.Nxd5 Bg5 19.g3 Qd6 20.Qb4 Qd8 21.Ne3 Bxa2 22.d5 Bc4
23.b3 a5 24.Qa3 b4 25.Qa4 Ba6 26.d6 Rc5 27.h4 Bf6 28.Rd5 Qb6 29.Rxc5 Qxc5
30.Nd5 Bd8 31.Ne7+ Kh8 32.Qc6 Bb6 33.Qxc5 Bxc5 34.d7 Rd8 35.Ng6+ Kh7 36.Re8 Rxd7
37.h5 fxg6 38.Be4 Rd6 39.hxg6+ Rxg6 40.Re6 Kg8 41.Bxg6 Bb7 42.Re5 Bf8 43.Rxa5 Bf3
44.Bd3 Be7 45.Rf5 Bc6 46.f4 Bf6 47.Kf2 Kf7 48.Ke3 Ke6 49.Ra5 Kd6 50.Be4 Bd7
51.Bf5 Bc6 52.Kd3 Bd8 53.Ra6 Kc5 54.Ra7 Bf6 55.Be6 Bc3 56.Ra5+ Kb6 57.Rf5 Bb5+
58.Ke4 Bc6+ 59.Bd5 Bd7 60.Rf7 Bg4 61.Rb7+ Kc5 62.Rc7+ Kb6 63.Rc6+ Kb5 64.Rg6 Bh5
65.Bc4+ Kc5 66.Ra6 Bg4 67.Bf7 Bd1 68.g4 Be2 69.Rg6 Bd1 70.Kd3 Bf3 71.Bc4 Bd1
72.g5 hxg5 73.fxg5 Bg4 74.Ra6 Bf5+ 75.Ke3 Bc2 76.Ra2 Bd1 77.Ke4 Bg4 78.Ra5+ Kc6
79.Ra6+ Kc5 80.Bf7 Bd7 81.Bc4 Bg4 82.Kf4 Bd7 83.Be6 Bb5 84.Ra8 Bd2+ 85.Kg4 Be2+
86.Kg3 Bc3 87.Rd8 Bh5 88.Kf4 Bg6 89.Rd7 Be8 90.Rd8 Bg6 91.Bf5 Bf7 92.Bc2 Be6
93.Ke4 Kc6 94.Rf8  1/2-1/2

[Event "2nd Brno Open"]
[Site "Brno CZE"]
[Date "2011.11.14"]
[Round "3"]
[White "Potapov,Alexa1"]
[Black "Benes,Pe2"]
[Result "1-0"]
[WhiteElo "2396"]
[BlackElo "2157"]

1.d4 d5 2.c4 c6 3.Nc3 Nf6 4.e3 e6 5.Nf3 Nbd7 6.Bd3 Bd6 7.O-O O-O 8.e4 dxe4
9.Nxe4 Nxe4 10.Bxe4 Nf6 11.Bc2 Qc7 12.Bg5 Ne8 13.Qe2 g6 14.Qe4 Be7 15.Rad1 Ng7
16.Bh6 Rd8 17.Qe5 Qxe5 18.dxe5 Bd7 19.Bg5 Kf8 20.Rd2 Be8 21.Rfd1 Rxd2 22.Rxd2 h5
23.Bf6 Rc8 24.h3 Rc7 25.g4 c5 26.Be4 Bd7 27.Ng5 Bxf6 28.Nh7+ Ke8 29.exf6  1-0

[Event "5th Mediterranean Open"]
[Site "Rijeka CRO"]
[Date "2011.11.15"]
[Round "5.22"]
[White "Rajter,Emil"]
[Black "Blazeka,M"]
[Result "0-1"]
[WhiteElo "1816"]
[BlackElo "2193"]

1.d4 d5 2.c4 e6 3.Nf3 c6 4.Nc3 Nf6 5.e3 Nbd7 6.Bd3 dxc4 7.Bxc4 b5 8.Bd3 a6
9.e4 c5 10.d5 c4 11.Bc2 Qc7 12.dxe6 fxe6 13.O-O Bb7 14.e5 Nxe5 15.Nxe5 Qxe5
16.Re1 Qd6 17.Qxd6 Bxd6 18.Rxe6+ Kd7 19.Bf5 Kc7 20.Bg5 Bc8 21.Bxf6 Bxe6 22.Bxe6 gxf6
23.Nd5+ Kc6 24.Nxf6 Be5 25.Bd5+ Kc5 26.Bxa8 Bxf6 27.Be4 Bxb2 28.Rd1 Bd4 29.Kf1 a5
30.Ke2 a4 31.Rb1 Re8 32.f3 b4 33.Kd2 a3 34.Bc2 Bc3+  0-1

[Event "5th Mediterranean Open"]
[Site "Rijeka CRO"]
[Date "2011.11.15"]
[Round "5.8"]
[White "Martinovic,Sa"]
[Black "Glavas,D"]
[Result "1-0"]
[WhiteElo "2504"]
[BlackElo "2320"]

1.d4 d5 2.c4 c6 3.Nc3 Nf6 4.e3 e6 5.Nf3 Nbd7 6.Qc2 Bd6 7.Bd3 dxc4 8.Bxc4 b5
9.Bd3 Bb7 10.O-O O-O 11.a3 a5 12.e4 e5 13.dxe5 Nxe5 14.Nxe5 Bxe5 15.h3 b4
16.Na4 Bd4 17.Re1 Re8 18.Be3 c5 19.Bxd4 cxd4 20.e5 Rc8 21.Qd2 Nd7 22.Bf5 g6
23.e6 gxf5 24.exd7 Qxd7 25.Nb6 Qc6 26.Qg5+ Qg6 27.Qxg6+ hxg6 28.Nxc8 Rxc8
29.axb4 axb4 30.Ra4 Rd8 31.Rxb4 Ba6 32.Rd1 d3 33.Rd2 Rc8 34.Rb6 Rc1+ 35.Kh2 Rc2
36.Rxc2 dxc2 37.Rc6 Bd3 38.Kg3 Kf8 39.Kf4 Ke7 40.f3 Kd7 41.Rc3 Ke6 42.Ke3  1-0

[Event "Russian Cup Final KO"]
[Site "Magnitogorsk RUS"]
[Date "2011.11.16"]
[Round "2.3"]
[White "Matlakov,M"]
[Black "Andriasian,Z"]
[Result "1/2-1/2"]
[WhiteElo "2632"]
[BlackElo "2619"]

1.d4 d5 2.c4 c6 3.Nc3 Nf6 4.e3 e6 5.Nf3 Nbd7 6.Qc2 Bd6 7.Bd3 O-O 8.O-O dxc4
9.Bxc4 b5 10.Bd3 Bb7 11.a3 Qe7 12.e4 e5 13.h3 a6 14.Bg5 c5 15.d5 c4 16.Be2 h6
17.Bh4 Rfc8 18.Nd2 Nf8 19.a4 b4 20.Nd1 b3 21.Qb1 Ng6 22.Bg3 Nf4 23.Bxc4 N6h5
24.Bxf4 Nxf4 25.Ne3 Bc5 26.Qd1 Qg5 27.Qg4 Qf6 28.Bxb3 Rd8 29.Qf5 Qe7 30.Nec4 Bd4
31.d6 Qe8 32.Qg4 Bc8 33.Qf3 Be6 34.Na5 Rxd6 35.Bxe6 Rxe6 36.h4 Bxb2 37.Rab1 Bc3
38.Nac4 Rd8 39.Nb3 Qxa4 40.Ne3 Qa3 41.g3 Nd3 42.Nd5 Rxd5 43.exd5 e4 44.Qg4 Re8
45.Qd7  1/2-1/2

[Event "Martin Open"]
[Site "Martin SVK"]
[Date "2011.11.16"]
[Round "1"]
[White "Galvanek,L"]
[Black "Ferkova,Dominika"]
[Result "1-0"]
[WhiteElo "2000"]
[BlackElo "1555"]

1.d4 d5 2.c4 c6 3.Nf3 Nf6 4.Nc3 e6 5.e3 Nbd7 6.Bd3 dxc4 7.Bxc4 Bd6 8.e4 Bc7
9.Bg5 h6 10.Bh4 g5 11.Bg3 Nb6 12.Bb3 Bd7 13.Ne5 Rh7 14.Qe2 h5 15.h4 g4 16.Rd1 Nc8
17.O-O Nd6 18.d5 Qe7 19.Nxd7 Qxd7 20.dxe6 fxe6 21.e5 Nd5 22.exd6 Bxd6 23.Bxd6 Qxd6
24.Nxd5 cxd5 25.Rxd5 Qe7 26.Re5 O-O-O 27.Bxe6+ Kb8 28.Bf5 Qxh4 29.Bxh7 a6
30.Re8 Ka7 31.Qe3+ Ka8 32.Rd1 Rxe8 33.Qxe8+ Ka7 34.Qe3+ Ka8 35.Be4 Kb8 36.Qb6 Qe7
37.Rd8+ Qxd8 38.Qxb7+  1-0

[Event "FSIM November"]
[Site "Budapest HUN"]
[Date "2011.11.17"]
[Round "13"]
[White "Citak,S"]
[Black "Meurs,T"]
[Result "1-0"]
[WhiteElo "2363"]
[BlackElo "2247"]

1.d4 d5 2.c4 c6 3.Nf3 Nf6 4.Nc3 e6 5.e3 Nbd7 6.Qc2 Bd6 7.b3 O-O 8.Be2 a6
9.O-O b5 10.e4 e5 11.cxd5 cxd5 12.dxe5 Nxe5 13.Nxd5 Nxd5 14.exd5 Nxf3+ 15.Bxf3 Qh4
16.g3 Qf6 17.Be4 Qxa1 18.Bb2 Qxf1+ 19.Kxf1 Bh3+ 20.Bg2 Rac8 21.Qd3 Bxg2+
22.Kxg2 Rfd8 23.a4 bxa4 24.bxa4 Bf8 25.Qxa6 Rc5 26.Bd4 Rcxd5 27.Bb6 Re8 28.a5 Rde5
29.Qb7 Bc5 30.Bxc5 Rxc5 31.a6 h5 32.a7 Ra5 33.Qb8 Rf8 34.f4 Ra6 35.f5 Ra5
36.h3 Ra4 37.Kf3 Ra5 38.Kf4 g6 39.f6 Rf5+ 40.Ke4 Ra5 41.h4 Ra6 42.Kd5 Ra5+
43.Ke4 Ra6 44.Kf4 Ra5 45.g4 Ra4+ 46.Ke3 hxg4 47.h5 Ra6 48.Kd2 Rxf6 49.h6 Ra6
50.Qe5 f6 51.Qe7 Rxa7 52.Qxa7 Rf7 53.Qa2 Kf8 54.Qa8+ Ke7 55.h7  1-0

[Event "Martin Open"]
[Site "Martin SVK"]
[Date "2011.11.17"]
[Round "3"]
[White "Sergeev,Vl"]
[Black "Burdalev,K"]
[Result "1/2-1/2"]
[WhiteElo "2526"]
[BlackElo "2314"]

1.d4 d5 2.c4 c6 3.Nc3 Nf6 4.e3 e6 5.Nf3 Nbd7 6.a3 Bd6 7.Bd3 O-O 8.O-O dxc4
9.Bxc4 a6 10.e4 b5 11.Ba2 e5 12.Bg5 exd4 13.Qxd4 Qe7 14.Rad1 Bc5 15.Qd2 h6
16.Bh4 Ne5 17.Nxe5 Qxe5 18.Bg3 Qg5 19.Bf4 Qg6 20.b4 Bb6 21.Kh1 Bg4 22.f3 Rfd8
23.Qe2 Be6 24.Bxe6 fxe6 25.Be3 Bc7 26.Rxd8+ Rxd8 27.Rd1 Rxd1+ 28.Qxd1 Qh5
29.Bg1 Qe5 30.Ne2 Qb2 31.Nd4 Kf7 32.Nxc6 Qxa3 33.Qd4 Qc1 34.Ne5+ Bxe5 35.Qxe5 Qd2
36.Qc7+ Qd7 37.Qb6 Qc8 38.Qd6 Qf8 39.Qc7+ Qe7 40.Qc3 Qd7 41.Bd4 Ne8 42.h3 Nf6
43.Be5 Nh5 44.Kh2 Nf6 45.Qc5 Ne8 46.Qb6 Qe7 47.Qxa6 Qxb4 48.Qb7+ Kf8 49.Qd7 Qc4
50.h4 b4 51.h5 b3 52.Bb2 Nf6 53.Qd8+ Kf7 54.Bxf6 gxf6  1/2-1/2

[Event "5th Mediterranean Open"]
[Site "Rijeka CRO"]
[Date "2011.11.17"]
[Round "7.12"]
[White "Loncar,R"]
[Black "Nastic,M"]
[Result "1-0"]
[WhiteElo "2415"]
[BlackElo "1961"]

1.d4 Nf6 2.c4 e6 3.Nc3 d5 4.Nf3 c6 5.e3 b6 6.Bd3 Nbd7 7.O-O Bb7 8.e4 dxe4
9.Nxe4 Rc8 10.Qe2 Be7 11.Rd1 Nxe4 12.Qxe4 Nf6 13.Qf4 Nh5 14.Qg4 g6 15.Bh6 Bf6
16.Re1 Ng7 17.Rad1 O-O 18.Bg5 Nf5 19.Qf4 Bxg5 20.Nxg5 h5  1-0

[Event "WYCC U18 Open"]
[Site "Caldas Novas BRA"]
[Date "2011.11.18"]
[Round "1"]
[White "Salem,AR"]
[Black "Mendoza,Ro"]
[Result "1-0"]
[WhiteElo "2511"]
[BlackElo "2104"]

1.d4 d5 2.c4 c6 3.Nc3 Nf6 4.e3 e6 5.Nf3 Be7 6.Bd3 dxc4 7.Bxc4 b5 8.Bd3 a6
9.O-O Bb7 10.e4 c5 11.dxc5 Bxc5 12.e5 Nd5 13.Ne4 Be7 14.Qe2 h6 15.a4 b4 16.Rd1 Nc6
17.Ng3 Qb6 18.Be4 Na5 19.Nf5 Nb3 20.Rb1 Kf8 21.Qc2 Nxc1 22.Rbxc1 g6 23.Nxe7 Kxe7
24.Nd2 Rac8 25.Nc4 Qc5 26.Qd2 Qxc4 27.Rxc4 Rxc4 28.Bxd5 Bxd5 29.b3 Rc3 30.Qf4 Rb8
31.Qf6+ Kd7 32.Qxf7+ Kc8 33.h4 Rxb3 34.Qe8+ Kc7 35.Qe7+ Kb6 36.Qd6+ Ka7 37.Rxd5 exd5
38.Qc5+  1-0

[Event "5th Mediterranean Open"]
[Site "Rijeka CRO"]
[Date "2011.11.18"]
[Round "8.29"]
[White "Dubrovic,G"]
[Black "Gelo,I"]
[Result "1-0"]
[WhiteElo "1786"]
[BlackElo "2072"]

1.c4 e6 2.Nf3 d5 3.e3 Nf6 4.Nc3 c6 5.d4 h6 6.a3 a5 7.Rb1 dxc4 8.Bxc4 b5 9.Bd3 Na6
10.Ne4 Nd5 11.Ne5 Bb7 12.Qh5 g6 13.Qf3 f5 14.g4 Rg8 15.Rg1 Bg7 16.gxf5 Bxe5
17.dxe5 Bc8 18.Nd6+ Kd7 19.fxe6+ Kc7 20.Bxb5 Bxe6 21.Bd2 Nb8 22.Rc1 Kb6 23.e4 Rf8
24.Qb3 Nf4 25.Bc4+  1-0

[Event "25th British Rapidplay"]
[Site "Leeds ENG"]
[Date "2011.11.19"]
[Round "1"]
[White "Wells,P"]
[Black "Jameson,D"]
[Result "1-0"]
[WhiteElo "2492"]
[BlackElo "2077"]

1.d4 Nf6 2.Nf3 d5 3.c4 c6 4.Nc3 e6 5.e3 Nbd7 6.Qc2 Bd6 7.Bd3 O-O 8.O-O Re8
9.e4 dxe4 10.Nxe4 Nxe4 11.Bxe4 h6 12.b3 e5 13.Bb2 exd4 14.Bxd4 Nf6 15.Bf5 Bxf5
16.Qxf5 Qd7 17.Qxd7 Nxd7 18.Rad1 Re7 19.Bxg7 Kxg7 20.Nh4 Kf8 21.Rxd6 Ke8
22.Rxh6 Re2 23.Nf5 Rb8 24.Rd1 Rxf2 25.Rh8+ Nf8 26.Re1+ Kd7 27.Re7+  1-0

[Event "25th British Rapidplay"]
[Site "Leeds ENG"]
[Date "2011.11.19"]
[Round "6"]
[White "Shaw,P"]
[Black "Burnett,J"]
[Result "1/2-1/2"]
[WhiteElo "2180"]
[BlackElo "2137"]

1.d4 d5 2.c4 e6 3.Nc3 c6 4.e3 Nf6 5.Nf3 Nbd7 6.Qc2 Bd6 7.b3 O-O 8.Bb2 Qe7
9.Be2 dxc4 10.bxc4 e5 11.O-O e4 12.Nd2 Re8 13.Rae1 Nf8 14.f3 exf3 15.Bxf3 Ng4
16.Bxg4 Bxg4 17.e4 f6 18.Nf3 Rad8 19.e5 fxe5 20.Nxe5 Bxe5 21.Rxe5 Qc7 22.Rxe8 Rxe8
23.Qf2 Ng6 24.Ba3 b6 25.Bd6 Qd7 26.c5 h6 27.d5 cxd5 28.Nxd5 bxc5 29.Qxc5 Rc8
30.Qa3 Be6 31.Qd3 Bf7 32.Qf3 Qe6 33.Ne3 Rc3 34.Qa8+ Kh7 35.Nf5 Rc2 36.Qf3 Qd5
37.Qxd5 Bxd5 38.Ne3 Rxa2 39.Nxd5 Rd2 40.Rf5 Nh4 41.Rh5 Rxg2+ 42.Kh1 Rd2 43.Rxh4 Rxd5
44.Ba3 a5 45.Ra4 g5 46.Kg2 Kg6 47.Kf3 Kf5 48.Bc1 h5 49.Be3 g4+ 50.Kf2 Rb5
51.Bd2 Kg6  1/2-1/2

[Event "Martin Open"]
[Site "Martin SVK"]
[Date "2011.11.19"]
[Round "5"]
[White "Druska,J"]
[Black "Nemergut,Matej"]
[Result "1-0"]
[WhiteElo "2323"]
[BlackElo "1952"]

1.d4 e6 2.Nf3 d5 3.c4 Nf6 4.Nc3 c6 5.e3 Nbd7 6.Bd3 Bd6 7.O-O O-O 8.e4 dxc4
9.Bxc4 e5 10.Bg5 h6 11.Bh4 b5 12.Bb3 a6 13.Bg3 Qe7 14.Nh4 g6 15.Nxg6  1-0

[Event "5th Mediterranean Open"]
[Site "Rijeka CRO"]
[Date "2011.11.19"]
[Round "9.9"]
[White "Loncar,R"]
[Black "Berescu,A"]
[Result "1/2-1/2"]
[WhiteElo "2415"]
[BlackElo "2501"]

1.Nf3 d5 2.c4 c6 3.e3 Nf6 4.Nc3 e6 5.d4 Nbd7 6.Qc2 Bd6 7.Bd3 O-O 8.O-O dxc4
9.Bxc4 b5 10.Bd3 Bb7 11.a3 a6 12.Ng5 h6 13.Nge4 Be7 14.b4 a5 15.Rb1 axb4
16.axb4 Nd5 17.Nxd5 exd5 18.Nc5 Nxc5 19.bxc5 Qc7 20.Qe2 Qd7 21.Rb3 Qe6 22.Bb2 g6
23.Ra1  1/2-1/2